Técnica de las altas tensiones : estudio de sobretensiones transitorias en sistemas eléctricos y coordinación de aislamientos

Bibliographic Details
Main Author: Enriquez Harper, Gilberto
Format: Section = Libro
Language:Undetermined
Spanish
Published: México Limusa 1974
Edition:2a.ed.
Subjects:
LEADER 00619nam a2200193Ia 4500
008 240829s9999 xx 000 0 und d
040 |a BIBLIOTECA-RUPAP 621.31 E56 
041 |a spa 
082 |a 621.31 E56 
100 1 |a Enriquez Harper, Gilberto 
245 1 0 |a Técnica de las altas tensiones : estudio de sobretensiones transitorias en sistemas eléctricos y coordinación de aislamientos 
250 |a 2a.ed. 
260 |a México  |b Limusa  |c 1974 
300 |a 415 p. :il. 
650 7 |a SISTEMAS ENERGIA ELECTRICAS 
650 7 |b  TRANSMISION ENERGIA ELECTRICA. I. Tít. 
942 |c BK  |2 ddc 
991 |a TEXTO 
999 |c 9025